000 00556nam a2200229Ia 4500
003 OSt
005 20220918105337.0
006 a|||||r|||| 00| 0
007 ta
008 220915b |||||||| |||| 00| 0 eng d
024 _a13,448
037 _cReference Collections
040 _aARTS
_cARTS
_beng
041 _2eng
_aeng
082 _aa494, K4(RR)
245 0 _aAbstracts of theses
260 _c1964
300 _a188p.
650 _aGENERALIA
_9205
942 _ha494, K4(RR)
_cREF
999 _c106125
_d106125